000 01170nam a2200277 a 4500
001 000041270
003 DO-SdBNP
005 20230118092910.0
007 ta
008 130927s2011 dr r 001 0 spa d
020 _a9789945447613
040 _aDO-SdBNP
_bspa
_cBNPHU
082 _axxxx
_bC7495
_222
111 2 _aCongreso Internacional 500 años de la llegada de los dominicos a América y del 472 aniversario de la Universidad Autónoma de Santo Domingo
_c(Santo Domingo
_d2010 : 14-16 octubre )
_967879
245 1 0 _a500 años de lucha por la justicia :
_blos dominicanos y la UASD, juntando el derecho con el hecho /
_ccoordinadores Celedonio Jiménez Santos, Manuel Jesús Romero Blanco.
246 1 3 _aQuinientos años de lucha por la justicia :
_blos dominicanos y la UASD
260 _aSanto Domingo :,
_c2011.
300 _a357 p. ;
_c24 cm.
500 _aIncluye índice onomástico
504 _aIncluye referencias bibliográficas y notas al pie de páginas
590 _aInventariado, 2019/BT
700 1 _aJiménez Santos, Celedonio,
_ecoor.
_914500
700 1 _aRomero Blanco, Manuel Jesús,
_ecoor.
_967880
910 _aBT
942 _2ddc
_cLBS1
999 _c40760
_d40760